Statistics for Most Popular Dog Breeds From Different Decades

Click here to take the quiz!

General Stats

  • This quiz has been taken 59 times
  • The average score is 6 of 7

Answer Stats

Answer% Correct
German Shepherd
98%
Labrador Retriever
98%
Poodle
94%
Beagle
91%
Rough Collie
87%
Cocker Spaniel
75%
Boston Terrier
57%

Score Distribution

Percentile by Number Answered

Percent of People with Each Score

Your Score History

You have not taken this quiz